000 00698nam a2200229 a 4500
001 BRCA_1888
005 20190320203606.0
008 060608s1993----sp-a---###---#000-0#spa-#
020 _a8470902784
050 4 _aAM5
_b.A46 1993
100 1 _aAlonso Fernández, Luis
_9143
245 1 0 _aMuseología
_bintroducción a la teoría y práctica del museo
_cLuis Alonso Fernández.
260 _aEspaña
_bIstmo
_c1993
300 _a424 p.
_bil.
_c21 cm.
440 0 _aFundamentos maior
_95832
500 _aIncluye índice nominal e índice temático
504 _aBibliografía : p. 353-397
650 1 4 _aMuseología
_9236
650 1 4 _aMuseos
_9144
650 1 4 _aMuseografía
_95833
942 _2lcc
_cB
999 _c1664
_d1664